Memorial histórico jurídico político de la Santa Iglesia Catedral de la Puebla de los Angeles, en la Nueva España (Record no. 85)

MARC details
000 -CABECERA
campo de control de longitud fija 01252nam a2200253 a 4500
001 - NÚMERO DE CONTROL
campo de control BRCA_99
005 - FECHA Y HORA DE LA ÚLTIMA TRANSACCIÓN
campo de control 20190320202859.0
008 - DATOS DE LONGITUD FIJA--INFORMACIÓN GENERAL
campo de control de longitud fija 900531s1988 mx-a---##b---s000-0#spa-#
040 ## - FUENTE DE LA CATALOGACIÓN
Centro catalogador/agencia de origen DLC
Centro/agencia transcriptor DLC
050 #4 - SIGNATURA TOPOGRÁFICA DE LA BIBLIOTECA DEL CONGRESO
Número de clasificación NA5257.P8
Número de documento/Ítem .A46 1988
100 1# - ENTRADA PRINCIPAL--NOMBRE DE PERSONA
Nombre de persona Calderón, Juan Alonso
9 (RLIN) 386
245 10 - MENCIÓN DE TÍTULO
Título Memorial histórico jurídico político de la Santa Iglesia Catedral de la Puebla de los Angeles, en la Nueva España
Resto del título sobre restituirla las armas reales de Castilla, León, Aragón y Navarra, que puso en la capilla mayor de su iglesia, de que ha sido despojada injustamente
Mención de responsabilidad, etc. Juan Alonso Calderón ; edición y estudio preliminar de Efraín Castro Morales.
260 ## - PUBLICACIÓN, DISTRIBUCIÓN, ETC.
Lugar de publicación, distribución, etc. Puebla
Nombre del editor, distribuidor, etc. Gobierno del Estado de Puebla, Secretaría de Cultura
Fecha de publicación, distribución, etc. 1988
300 ## - DESCRIPCIÓN FÍSICA
Extensión lxi, 89 p.
Otras características físicas il.
Dimensiones 32 cm.
500 ## - NOTA GENERAL
Nota general Título del lomo: Memorial histórico jurídico político
500 ## - NOTA GENERAL
Nota general Las páginas alternas se enumeraron en el segundo grupo.
500 ## - NOTA GENERAL
Nota general Facsímil de: 1651
504 ## - NOTA DE BIBLIOGRAFÍA, ETC.
Nota de bibliografía, etc. Incluye referencias bibliográficas
610 24 - PUNTO DE ACCESO ADICIONAL DE MATERIA--NOMBRE DE ENTIDAD CORPORATIVA
Nombre de entidad corporativa o nombre de jurisdicción como elemento de entrada Catedral de Puebla
Subdivisión general Retablo de los Reyes - Expropiación
9 (RLIN) 387
651 #4 - PUNTO DE ACCESO ADICIONAL DE MATERIA--NOMBRE GEOGRÁFICO
Nombre geográfico Puebla (México)
Subdivisión general Historia de la Iglesia
9 (RLIN) 388
700 1# - PUNTO DE ACCESO ADICIONAL--NOMBRE DE PERSONA
Nombre de persona Castro Morales, Efraín
9 (RLIN) 389
740 0# - PUNTO DE ACCESO ADICIONAL--TÍTULO RELACIONADO O ANALÍTICO NO CONTROLADO
Título relacionado o analítico no controlado Memorial histórico jurídico político
942 ## - ELEMENTOS DE PUNTO DE ACCESO ADICIONAL (KOHA)
Fuente del sistema de clasificación o colocación Library of Congress Classification
Tipo de ítem Koha Libros
Holdings
Estado de retiro Estado de pérdida Estado dañado No para préstamo Localización permanente Ubicación/localización actual Fecha de adquisición Total de préstamos Signatura topográfica completa Código de barras Fecha visto por última vez Precio válido a partir de Tipo de ítem Koha
El ejemplar forma parte de la colección y puede ser consultado según las políticas vigentes.       Biblioteca del Museo Franz Mayer (Rogerio Casas-Alatriste) Biblioteca del Museo Franz Mayer (Rogerio Casas-Alatriste) 25/06/2008   NA5257.P8 .A46 1988 00094 22/03/2019 22/03/2019 Libros